Lightwave technology : (Record no. 545611)

000 -LEADER
fixed length control field 00569pam a2200181 a 4500
020 ## - INTERNATIONAL STANDARD BOOK NUMBER
International Standard Book Number 0408013141 :
082 00 - DEWEY DECIMAL CLASSIFICATION NUMBER
Classification number 621.369
Author Mark CHA
-- L-11, P-136
100 1# - MAIN ENTRY--PERSONAL NAME
Personal name Chaimowicz, J. C. A.
9 (RLIN) 41522
245 10 - TITLE STATEMENT
Title Lightwave technology :
Remainder of title an introduction /
Statement of responsibility, etc. J.C.A. Chaimowicz.
260 ## - PUBLICATION, DISTRIBUTION, ETC.
Place of publication, distribution, etc. London ;
-- Boston :
Name of publisher, distributor, etc. Butterworths,
Date of publication, distribution, etc. 1989.
300 ## - PHYSICAL DESCRIPTION
Extent xvii, 362 p. :
Other physical details ill. ;
Dimensions 24 cm.
500 ## - GENERAL NOTE
General note Includes index.
526 ## - STUDY PROGRAM INFORMATION NOTE
Program name 0
Interest level 0
Reading level 0
Title point value 621_369000000000000_CHA
650 #0 - SUBJECT ADDED ENTRY--TOPICAL TERM
Topical term or geographic name entry element Electrooptical devices.
9 (RLIN) 41523
650 #0 - SUBJECT ADDED ENTRY--TOPICAL TERM
Topical term or geographic name entry element Electrooptics.
9 (RLIN) 41524
650 #0 - SUBJECT ADDED ENTRY--TOPICAL TERM
Topical term or geographic name entry element MCE
9 (RLIN) 379
942 ## - ADDED ENTRY ELEMENTS (KOHA)
Source of classification or shelving scheme
Koha item type Book
Holdings
Withdrawn status Lost status Source of classification or shelving scheme Damaged status Not for loan Permanent Location Current Location Date acquired Total Checkouts Full call number Barcode Date last seen Price effective from Koha item type
          Military College of Engineering (MCE) Military College of Engineering (MCE) 05/27/2014   621.369 CHA MCE-27231 05/27/2014 05/27/2014 Book
© 2023 Central Library, National University of Sciences and Technology. All Rights Reserved.